00805nam a22002294i 4500001001900000003000400019005001700023008004100040017004700081020001800128040002900146100002600175245008000201264003600281300002700317337003400344490002900378500007300407650004300480700002300523830002900546991060026699606706OSt20220222161945.0220104e202201 spc - 000 0 cat|c aDL B. 19.717-2021bBiblioteca de Catalunya a9788429779950 aES-BaBABbcaterdacCDMR1 aFoix, J.V.d1893-198710aAllò que no diu La Vanguardia /cJ.V. Foix ; edició de Jordi Cornudella 1aBarcelona :bEdicions 62,c2021 a118 pàgines ;c22 cm asense mediacióbn2rdamedia1 aLlibres a l'abast ;v468 aA portada: Amb un suplement de telegrames i un altre de fet diversos 0aPeriodistes catalansvRecull d'escrits1 aCornudella, Jordi, 0aLlibres a l'abast ;v468